000 00591nam a2200229Ia 4500
003 OSt
005 20220928141719.0
006 a|||||r|||| 00| 0
007 ta
008 220927b |||||||| |||| 00| 0 eng d
024 _a17028
037 _cTextual
040 _aSDCL
_cSDCL
_beng
041 _2eng
_aeng
082 _aP111vN5, K8
100 _aBaugh Albert C
_9455622
245 0 _aHistory of the English language.
260 _c1968
650 _aEnglish Language-History
_9439320
942 _hP111vN5, K8
_cTEXL
_2CC
999 _c819354
_d819354